00730cam a22002533a 45000010005000000030006000050050017000110080041000280400015000690420007000840500007000910500007000981000025001052450107001302600029002375060030002665160020002966530025003166530023003416530024003646530019003888300028004078560041004352212PGUSA20140828083012.0000601s2000||||xxu|||||s|||||000 | eng d aPGUSAbeng adc 4aQP 4aQH1 aHuman Genome Project10aHuman Genome Project, rough draft, Chromosome Number 12h[electronic resource] /cHuman Genome Project bProject Gutenberg,c2000 aPublic domain in the USA. aElectronic text aHuman Genome Project aHuman gene mapping aNucleotide sequence aHuman genetics 0aProject Gutenbergv221240uhttp://www.gutenberg.org/ebooks/2212